| 000 | 00888 a2200229 4500 | ||
|---|---|---|---|
| 003 | Nust | ||
| 005 | 20230823093616.0 | ||
| 010 | _a 00026297 | ||
| 020 | _c0195111621 | ||
| 040 | _cNust | ||
| 082 | 0 | 0 | _a006.32,PER |
| 100 | 1 |
_aPerlovsky, Leonid I. _961824 |
|
| 245 | 1 | 0 |
_aNeural networks and intellect : _busing model based concepts / _cLeonid I. Perlovsky. |
| 260 |
_aNew York : _bOxford University Press, _c2001. |
||
| 300 |
_axxiv, 469 p. : _bill. ; _c25 cm. |
||
| 505 | _aOverview (Page-1), Modeling field theory (Page-153), Futuristic Directions (Page-383) | ||
| 650 | 0 |
_aMathematical models. _93646 |
|
| 650 | 0 |
_aNeural networks (Computer science) _918586 |
|
| 856 | 4 | 2 |
_3Publisher description _uhttp://www.loc.gov/catdir/enhancements/fy0610/00026297-d.html |
| 856 | 4 | 2 |
_3Table of contents only _uhttp://www.loc.gov/catdir/enhancements/fy0610/00026297-t.html |
| 942 |
_cREF _2ddc |
||
| 999 |
_c175398 _d175398 |
||